00978cam a22002775a 4500001001000000003000400010005001700014008004100031020002600072040004000098082002300138100002700161245007700188250001200265260005000277300002600327500002900353500002400382650003900406650004100445651001000486653003500496942000800531999001700539952014400556016385162OSt20151221145916.0130428s2014 enk fr 001 0 eng d a9780273785972 (pbk.)  aStDuBDSbengcStDuBDSdUkdEG-ScBUE04a657.30218222bMEL1 aMelville, Alan.93894910aInternational financial reporting :ba practical guide /cAlan Melville. a4th ed. aHarlow : bPearson Education Limited, c2014. axii, 500 p. ;c25 cm. aPrevious edition : 2011. aIndex : p. 497-500. 7aFinancial statements.2BUEsh94982 7aAccountingxStandards.2BUEsh936586 2BUEsh bBUSADMcJuly2015cDecember2015 2ddc c20196d20168 00102ddc40708BaccahaMAINbMAINc1STd2015-07-05ePurchaseg280.00h22353l0o657.30218 MELp000039435r2025-07-15 00:00:00v350.00yBB